Quest for participatory democracy: towards understanding the approach of Gandhi and Jayaprakash Narayan (Record no. 142577)

MARC details
000 -LEADER
fixed length control field 00809nam a2200325Ia 4500
008 - FIXED-LENGTH DATA ELEMENTS--GENERAL INFORMATION
fixed length control field 210210b2010 xxu||||| |||| 00| 0 eng d
020 ## - INTERNATIONAL STANDARD BOOK NUMBER
International Standard Book Number 813160330X
041 ## - LANGUAGE CODE
Language code of text/sound track or separate title eng
082 ## - DEWEY DECIMAL CLASSIFICATION NUMBER
Classification number 321.8 KUMQ
100 ## - MAIN ENTRY--PERSONAL NAME
Personal name KUMAR (Anand)
245 ## - TITLE STATEMENT
Title Quest for participatory democracy: towards understanding the approach of Gandhi and Jayaprakash Narayan
260 ## - PUBLICATION, DISTRIBUTION, ETC.
Place of publication, distribution, etc. Jaipur
Name of publisher, distributor, etc. Rawat Publications
Date of publication, distribution, etc. 2010
300 ## - PHYSICAL DESCRIPTION
Extent x,425
650 ## - SUBJECT ADDED ENTRY--TOPICAL TERM
Topical term or geographic name entry element understanding
650 ## - SUBJECT ADDED ENTRY--TOPICAL TERM
Topical term or geographic name entry element towards
650 ## - SUBJECT ADDED ENTRY--TOPICAL TERM
Topical term or geographic name entry element the
650 ## - SUBJECT ADDED ENTRY--TOPICAL TERM
Topical term or geographic name entry element Quest
650 ## - SUBJECT ADDED ENTRY--TOPICAL TERM
Topical term or geographic name entry element participatory
650 ## - SUBJECT ADDED ENTRY--TOPICAL TERM
Topical term or geographic name entry element of
650 ## - SUBJECT ADDED ENTRY--TOPICAL TERM
Topical term or geographic name entry element Narayan
650 ## - SUBJECT ADDED ENTRY--TOPICAL TERM
Topical term or geographic name entry element Jayaprakash
650 ## - SUBJECT ADDED ENTRY--TOPICAL TERM
Topical term or geographic name entry element Gandhi
650 ## - SUBJECT ADDED ENTRY--TOPICAL TERM
Topical term or geographic name entry element for
650 ## - SUBJECT ADDED ENTRY--TOPICAL TERM
Topical term or geographic name entry element democracy:
650 ## - SUBJECT ADDED ENTRY--TOPICAL TERM
Topical term or geographic name entry element approach
650 ## - SUBJECT ADDED ENTRY--TOPICAL TERM
Topical term or geographic name entry element and
690 ## - LOCAL SUBJECT ADDED ENTRY--TOPICAL TERM (OCLC, RLIN)
Topical term or geographic name as entry element Modern Governments
700 ## - ADDED ENTRY--PERSONAL NAME
Personal name TIWARI (Manish) Ed
906 ## - LOCAL DATA ELEMENT F, LDF (RLIN)
a 065077
Holdings
Withdrawn status Lost status Source of classification or shelving scheme Damaged status Not for loan Collection code Home library Current library Date acquired Source of acquisition Cost, normal purchase price Total Checkouts Total Renewals Full call number Barcode Date last seen Date last checked out Price effective from Koha item type
    Dewey Decimal Classification     Human Rights St Aloysius Library St Aloysius Library 02/17/2021 Knowledge World 895.00 2 1 321.8 KUMQ 065077 04/06/2023 03/23/2023 02/17/2021 Book